00693cam a22002417a 4500003000500000005001700005008004100022010001000063011001000073020001500083035001000098040000900108082001600117110000800133245012400141260002400265300002000289650002100309650005200330650002900382700002200411700001800433CHAP20220817043600.0991213d1995 it a rn 00110 fre d a79043 a80015 a9252034838 a90454 cCHAP a595.13bF3f2 aFAO10aEpidemiologie, diagnostic et prophylaxie des helminthiases des ruminants domestiquesc/par Jorgen Hansen et Brian Perry aRome :bFAO,c1995. a176 p. :bilus.14aEpidemiología.14aHelmintos parásitos de animales domésticos.14aNemátodos parásitos.0 aHansen, Jorgen W.0 aPerry, Brian.